Lane Boy- Twenty One Pilots Lyrics - Statistics

General Stats
  • This quiz has been taken 420 times
    419 since last reset
  • The average score is 364 of 444
Answer Stats
Lyrics % Correct
a
100%
boy
100%
I
100%
lane
100%
the
99%
to
99%
we
99%
you
99%
when
98%
your
98%
go
97%
in
97%
they
97%
say
96%
want
96%
is
95%
stay
95%
this
95%
where
95%
but
92%
highway
92%
think
90%
and
89%
thing
89%
be
88%
don't
88%
so
88%
it
86%
he
85%
on
85%
that
84%
tomorrow?
83%
if
81%
song
81%
was
81%
what
80%
who
80%
way
79%
for
78%
know
78%
our
78%
will
78%
trust
77%
about
76%
I'm
76%
perfect
76%
person
76%
would
76%
are
75%
change
74%
flawless
74%
hood
74%
my
74%
songs
74%
wasn't
74%
good
72%
or
72%
raised
72%
that's
72%
alive
71%
pain
71%
'cause
70%
darkness
70%
every
70%
have
70%
like
70%
two
70%
all
69%
me
69%
there's
69%
time
69%
heartless
68%
how
68%
music
68%
radio
67%
these
67%
few
66%
industry
66%
other
66%
record
66%
feel
65%
honest
65%
minds
64%
hearing
63%
tempo
62%
common
61%
brother
60%
fought
60%
seems
60%
we'd
59%
constant
58%
rap
58%
regardless
58%
would've
58%
no
57%
poppin'
57%
fast
56%
ask
55%
singles
55%
likes
54%
shows
54%
with
54%
playing
53%
currency
52%
back
51%
confrontation
51%
sorry
50%
he's
47%
live
47%
mask
47%
free
46%
hazmat
46%
last
46%
list?
46%
list
46%
Zack
46%
gas
45%
question
45%
scared
44%
asked
43%
one
43%
only
43%
another
42%
bit
42%
let's
41%
problem
40%
die
39%
morality
39%
you're
39%
of
38%
sanity
38%
changed
37%
creativity's
36%
exists
36%
get
36%
forget
35%
wants
35%
backtrack
34%
between
34%
really
33%
salary
32%
love
31%
vanity
31%
heat
30%
someone
30%
gonna
29%
cavalry
23%
No matching quizzes found
Score Distribution
Percent of People with Each Score
Percentile by Number Answered
Your Score History
You have not taken this quiz since the last reset